Nik Safiah Karim: : Meniti dua zaman

Bibliographic Details
Main Author: Norhafilah Musa 1978-
Format: Book
Published: Kuala Lumpur : Bahagian Perancangan dan Penyelarasan, Kementerian Perpaduan, Kebudayaan, Kesenian & Warisan , 2007
Subjects:

MARC

LEADER 00000cam a2200000 7i4500
001 0000003955
005 20121108.0
020 0 0 |a 9789833374243 
090 0 0 |a 923.2595   |b NSK 2007 
100 0 0 |a Norhafilah Musa   |c 1978- 
245 1 0 |a Nik Safiah Karim: :   |b Meniti dua zaman   |c Nurhafilah Musa 
260 0 0 |a Kuala Lumpur :   |b Bahagian Perancangan dan Penyelarasan, Kementerian Perpaduan, Kebudayaan, Kesenian & Warisan ,   |c 2007 
300 |a xiv, 324p. :   |b .ill.col ;   |c 21 cm. 
600 0 0 |a Nik Safiah Karim ,   |c Datuk ,   |d 1978- 
650 0 0 |a Autobiography 
650 0 0 |a Educators   |z Malaysia   |x Bibliography 
998 |a JPSM 
999 |a 007732   |b Monograph   |c Open Shelf   |e Default branch